000 00833nam a22002411u 4500
001 06940
003 HDC
007 cr bn ---
008 210125p2008 fo d 00 engg
040 _aHDC
245 0 _aHALAL PHARMACEUTICALS: A NEW DIMENSION / by
_cDATO' DR. MOHD HASHIM TAJUDIN
260 _a[No Place] :
_b[publisher not identified],
_c2008
300 _a22pages :
_billustrations
336 _atext
_2rdacontent
337 _acomputer
_2rdamedia
338 _aonline resource
_2rdacarrier
650 _aHalal pharmaceutical
_94162
650 _aPharmaceutical Industry
_9799
856 _zRequest full-text at [email protected]
942 _2lcc
942 _cSLIDE
942 _kSLID 000201
999 _c4264
_d4264